000
00317nam a22001337a 4500
008
181015b xxu||||| |||| 00| 0 eng d
020
_a
9780470376249
041
_a
eng
080
_a
616.8
100
_a
7
101
_a
TRU
245
_a
The Scientific American Brave New Brain
_c
Horstman.j
942
_2
udc
_c
BK
999
_c
49661
_d
49661